| 000 | 00544nam a22001817a 4500 | ||
|---|---|---|---|
| 003 | CEME | ||
| 005 | 20210628202637.0 | ||
| 008 | 210210b xxu||||| |||| 00| 0 eng d | ||
| 020 | _a0-7895-6514-5 | ||
| 040 | _c. | ||
| 082 | _a004 SHE | ||
| 100 |
_aShelly, Gary B,Cashman, Thomas J,Vermaat, Misty E _960870 |
||
| 245 | _aDiscovering computers 2003 complete concepts for a digital world web and xp enhanced | ||
| 260 |
_aUK _bTHOMSON _c2002 |
||
| 300 | _aXVI,800P | ||
| 650 |
_aDISCOVERING COMPUTERS 2003 COMPLETE _960871 |
||
| 942 |
_cBK _2ddc |
||
| 999 |
_c570489 _d570489 |
||